000 00784nam a2200193Ia 4500
008 100122s9999 xx 000 0 und d
082 _b69933
_a137
100 _aकियोसाकी रॉबर्ट
245 _aरिच डॅड पुअर डॅड अनु- बाळ उर्ध्वरेषे
250 _a0
260 _bमंजुल प्रकाशन
_c2006
300 _a188
520 _a( क.क्र.14/4 )
620 _a( क.क्र.14/4 )
630 _aरिच डॅड पुअर डॅड अनु- बाळ उर्ध्वरेषे
700 _aउर्ध्वरेषे बाळ
730 _aरिच डॅड पुअर डॅड अनु- बाळ उर्ध्वरेषे
942 _cBOOK
999 _c441079
_d441076